[Event "Slav 2"]
[Site "SchemingMind.com"]
[Date "2019.04.15"]
[Round "-"]
[White "flyinduck"]
[Black "David Connolly"]
[Result "1/2-1/2"]
[WhiteCountry "CAN"]
[BlackCountry "WLS"]
[WhiteElo "2075"]
[WhiteRD "61"]
[BlackElo "2120"]
[BlackRD "74"]
[GameID "440164"]

1. d4 d5 2. c4 c6 3. Nf3 Nf6 4. Nc3 e6 5. Bg5 h6 6. Bh4 dxc4 7. e4 g5 8. Bg3 b5 9. Be2 Bb7 10. h4 g4
11. Ne5 h5 12. O-O Nbd7 13. Qc2 Nxe5 14. Bxe5 Bg7 15. b3 O-O 16. bxc4 Nh7 17. Bxg7 Kxg7 18. g3 Qxd4 19. Rfd1 Qc5 20. Qb3 Rab8
21. cxb5 cxb5 22. Rac1 Qe5 23. Qxb5 Qxb5 24. Nxb5 Bxe4 25. Nxa7 Rb7 26. Nb5 Bd5 27. Nc3 Rb2 28. Nxd5 exd5 29. Bd3 Rxa2=
1/2-1/2

[Event "Slav 2"]
[Site "SchemingMind.com"]
[Date "2019.04.15"]
[Round "-"]
[White "David Connolly"]
[Black "flyinduck"]
[Result "1/2-1/2"]
[WhiteCountry "WLS"]
[BlackCountry "CAN"]
[WhiteElo "2125"]
[WhiteRD "80"]
[BlackElo "2067"]
[BlackRD "64"]
[GameID "440165"]

1. d4 d5 2. c4 c6 3. cxd5 cxd5 4. Bf4 Nc6 5. e3 Nf6 6. Nc3 a6 7. Be2 Bf5 8. Nf3 e6 9. Qb3 Bd6 10. Bxd6 Qxd6
11. Qxb7 O-O 12. Qb3 Rfb8 13. Qa3 Nb4 14. O-O Qd8 15. Ne1 Ne8 16. Na4 Nd6 17. Nc5 Ne4 18. Nxe4 Bxe4 19. Rc1 a5 20. Rd1 Bg6
21. Rd2=
1/2-1/2

[Event "Slav 2"]
[Site "SchemingMind.com"]
[Date "2019.05.14"]
[Round "-"]
[White "flyinduck"]
[Black "Mihir Chandrashekhar"]
[Result "1/2-1/2"]
[WhiteCountry "CAN"]
[BlackCountry "IND"]
[WhiteElo "2075"]
[WhiteRD "61"]
[BlackElo "1934"]
[BlackRD "50"]
[GameID "441150"]

1. d4 d5 2. c4 c6 3. Nc3 Nf6 4. Nf3 dxc4 5. a4 Bf5 6. e3 e6 7. Bxc4 Bb4 8. O-O O-O 9. Qe2 Bxc3 10. bxc3 Ne4
11. Bb2 Nd7 12. Bd3 Bg6 13. Ne1 c5 14. f3 Nef6 15. e4 cxd4 16. cxd4 Qa5 17. Nc2 e5 18. Kh1 exd4 19. Nxd4 Nc5 20. Rfc1 Nxd3
21. Qxd3 Rfd8 22. Qc3 Qxc3 23. Bxc3 Rac8 24. Bb2 Nd7 25. Nb5 Rxc1+ 26. Rxc1 a6 27. Nd6 b6 28. Nb7 Rb8 29. Rc7 Nf8 30. g4 Ne6
31. Rd7 h5 32. h3 hxg4 33. hxg4 Ng5 34. e5 Ne6 35. Nd6 Nc5 36. Ra7 Nxa4 37. Bd4 Nc5 38. Bxc5 bxc5 39. Rxa6 c4 40. Nxc4 Bd3
41. Rc6 Bxc4 42. Rxc4 Rb2 43. Kg1 Re2 44. Re4 Rxe4 45. fxe4 Kf8 46. Kf2 Ke7 47. Ke3 Ke6 48. Kf4 g5+ 49. Kxg5 Kxe5=
1/2-1/2

[Event "Slav 2"]
[Site "SchemingMind.com"]
[Date "2019.05.14"]
[Round "-"]
[White "Mihir Chandrashekhar"]
[Black "flyinduck"]
[Result "0-1"]
[WhiteCountry "IND"]
[BlackCountry "CAN"]
[WhiteElo "1854"]
[WhiteRD "54"]
[BlackElo "2067"]
[BlackRD "64"]
[GameID "441151"]

1. d4 d5 2. c4 c6 3. cxd5 cxd5 4. Nc3 Nf6 5. Nf3 Nc6 6. Bf4 a6 7. e3 e6 8. a3 Bd6 9. Bxd6 Qxd6 10. Bd3 O-O
11. O-O e5 12. dxe5 Nxe5 13. Nxe5 Qxe5 14. h3 Be6 15. Ne2 Qxb2 16. Nd4 Qb6 17. Rb1 Qa7 18. f4 Rfe8 19. g4 Bd7 20. g5 Ne4
21. Qe1 Bxh3 22. Rf3 Bg4 23. Bxe4 Rxe4 24. Rg3 Bd7 25. f5 Rae8 26. Kg2 Rxd4
0-1

[Event "Slav 2"]
[Site "SchemingMind.com"]
[Date "2019.05.13"]
[Round "-"]
[White "David Connolly"]
[Black "Mihir Chandrashekhar"]
[Result "1-0"]
[WhiteCountry "WLS"]
[BlackCountry "IND"]
[WhiteElo "2125"]
[WhiteRD "80"]
[BlackElo "1854"]
[BlackRD "54"]
[GameID "441152"]

1. d4 d5 2. c4 c6 3. Nf3 Nf6 4. Nc3 dxc4 5. a4 Bf5 6. Ne5 Nbd7 7. Nxc4 Nb6 8. Ne5 a5 9. h4 h6 10. f3 Nfd7
11. e4 Bh7 12. Nd3 e6 13. Be3 Be7 14. g3 Qc7 15. Ne2 e5 16. Rc1 exd4 17. Bxd4 O-O 18. Qb3 Bf6 19. e5 Bxd3 20. exf6 Bxe2
21. Bxe2 Qxg3+ 22. Bf2 Qc7 23. Rg1
1-0

[Event "Slav 2"]
[Site "SchemingMind.com"]
[Date "2019.05.13"]
[Round "-"]
[White "Mihir Chandrashekhar"]
[Black "David Connolly"]
[Result "0-1"]
[WhiteCountry "IND"]
[BlackCountry "WLS"]
[WhiteElo "1854"]
[WhiteRD "54"]
[BlackElo "2125"]
[BlackRD "80"]
[GameID "441153"]

1. d4 d5 2. c4 c6 3. Nf3 Nf6 4. Nc3 e6 5. e3 Nbd7 6. Bd3 dxc4 7. Bxc4 b5 8. Bd3 Bb7 9. O-O a6 10. e4 c5
11. d5 Qc7 12. dxe6 fxe6 13. Bc2 Bd6 14. Ng5 Nf8 15. f4 O-O-O 16. Qe2 h6 17. Nh3 e5 18. f5 N8d7 19. Be3 Nb8 20. Rad1 Nc6
21. a4 b4 22. Nb1 Kb8 23. Nd2 Nd4 24. Bxd4 exd4 25. g3 Bxg3 26. hxg3 d3
0-1

[Event "Slav 2"]
[Site "SchemingMind.com"]
[Date "2019.05.24"]
[Round "-"]
[White "Kenny Elliott"]
[Black "flyinduck"]
[Result "0-1"]
[WhiteCountry "USA"]
[BlackCountry "CAN"]
[WhiteElo "1585"]
[WhiteRD "74"]
[BlackElo "2047"]
[BlackRD "63"]
[GameID "441581"]

1. d4 d5 2. c4 c6 3. Nf3 Nf6 4. Nc3 dxc4 5. g3 b5 6. Bg2 Bb7 7. O-O e6 8. a3 Be7 9. e4 O-O 10. e5 Nd5
11. Bd2 Nd7 12. b3 cxb3 13. Qxb3 a6 14. Nxd5 cxd5 15. Bb4 Nb6 16. Ba5 Rb8 17. Qd3 Bc6 18. Rfc1 Qd7 19. Rc2 Nc4 20. Bb4 a5
21. Bxe7 Qxe7 22. Nd2 Rfc8 23. Nxc4 bxc4 24. Qc3 Qa7 25. Rb2 Rxb2 26. Qxb2 Rb8 27. Qc3 Rb3 28. Qd2 h6 29. f4 Rd3 30. Qf2 Qxd4
31. Qxd4 Rxd4 32. Bf1 Rd2 33. Rc1 Ra2 34. Bxc4 dxc4 35. Rxc4 Bd5 36. Ra4 Rg2+ 37. Kf1 Rxh2 38. Rxa5 Kh7 39. Ra7 Kg6 40. a4 Rg2
41. a5 Rxg3 42. a6 Rf3+
0-1

[Event "Slav 2"]
[Site "SchemingMind.com"]
[Date "2019.05.24"]
[Round "-"]
[White "flyinduck"]
[Black "Kenny Elliott"]
[Result "1-0"]
[WhiteCountry "CAN"]
[BlackCountry "USA"]
[WhiteElo "2075"]
[WhiteRD "61"]
[BlackElo "1594"]
[BlackRD "73"]
[GameID "441582"]

1. d4 d5 2. c4 c6 3. Nc3 Nf6 4. Nf3 e6 5. e3 Bb4 6. Bd3 O-O 7. Qc2 Nbd7 8. O-O Bxc3 9. bxc3 c5 10. a4 b6
11. Ba3 Re8 12. cxd5 exd5 13. c4 Bb7 14. dxc5 bxc5 15. cxd5 Bxd5 16. Rfd1 Bxf3 17. gxf3 Qc7 18. f4 a5 19. Rac1 Qc6 20. Bb5 Qf3
21. Qe2 Qh3 22. Qf1 Rxe3 23. fxe3 Qxe3+ 24. Kh1 Qxa3 25. Bxd7 Qb4 26. Bb5 Ne4 27. Rc4
1-0

[Event "Slav 2"]
[Site "SchemingMind.com"]
[Date "2019.05.23"]
[Round "-"]
[White "Kenny Elliott"]
[Black "David Connolly"]
[Result "0-1"]
[WhiteCountry "USA"]
[BlackCountry "WLS"]
[WhiteElo "1569"]
[WhiteRD "71"]
[BlackElo "2125"]
[BlackRD "80"]
[GameID "441583"]

1. d4 d5 2. c4 c6 3. Nc3 Nf6 4. e3 e6 5. Nf3 Nbd7 6. Bd2 Bd6 7. c5 Bc7 8. Bd3 O-O 9. O-O e5 10. Qc2 e4
11. Bxe4 Nxe4 12. Nxe4 dxe4 13. Qxe4 Nf6 14. Qc2 Re8 15. Rfe1 Ne4 16. Bc3 Bf5 17. Qc1 Nxc3 18. Qxc3 Be4 19. Nd2 Qh4 20. Nf3 Bxf3
21. gxf3 Qxh2+ 22. Kf1 Re6 23. f4 Bxf4 24. e4 Qh1+ 25. Ke2 Qxe4+ 26. Kf1 Qh1#
0-1

[Event "Slav 2"]
[Site "SchemingMind.com"]
[Date "2019.05.24"]
[Round "-"]
[White "David Connolly"]
[Black "Kenny Elliott"]
[Result "1-0"]
[WhiteCountry "WLS"]
[BlackCountry "USA"]
[WhiteElo "2125"]
[WhiteRD "80"]
[BlackElo "1569"]
[BlackRD "71"]
[GameID "441584"]

1. d4 d5 2. c4 c6 3. Nf3 Nf6 4. Nc3 e6 5. Bg5 Be7 6. e3 O-O 7. Rc1 Nbd7 8. Bd3 Bb4 9. O-O Qa5 10. Qb3 c5
11. a3 dxc4 12. Qxc4 cxd4 13. axb4 Qb6 14. exd4 Nd5 15. Nxd5 exd5 16. Qxd5 Qxb4 17. Rxc8 Raxc8 18. Qxd7 Qxb2 19. Qh3 g6 20. Bf6 Qb6
21. Ng5 h5 22. Qxh5
1-0

[Event "Slav 2"]
[Site "SchemingMind.com"]
[Date "2019.05.24"]
[Round "-"]
[White "Kenny Elliott"]
[Black "Mihir Chandrashekhar"]
[Result "0-1"]
[WhiteCountry "USA"]
[BlackCountry "IND"]
[WhiteElo "1569"]
[WhiteRD "71"]
[BlackElo "1854"]
[BlackRD "54"]
[GameID "441587"]

1. d4 d5 2. c4 c6 3. Nc3 Nf6 4. e3 e6 5. Nf3 Be7 6. cxd5 exd5 7. Bd3 O-O 8. O-O Bg4 9. h3 Bh5 10. Be2 Nbd7
11. Nd2 Bxe2 12. Qxe2 Re8 13. a3 Nf8 14. e4 dxe4 15. Ndxe4 Qxd4 16. Be3 Qd7 17. Rfd1 Qf5 18. Nxf6+ Bxf6 19. Qc4 Bxc3 20. Qxc3 Ne6
21. b4 Nc7 22. Qc1 Nd5 23. Re1 Re6 24. Qd2 Rg6 25. g4 Qf3 26. Kh2 h5 27. Rg1 Nxe3 28. fxe3 hxg4 29. Rg3 Qe4 30. Rag1 Re8
31. Qd4 Qxd4 32. exd4 Re2+ 33. Kh1 Rh6 34. a4 Rxh3+ 35. Rxh3 gxh3 36. Rd1 g5 37. d5 cxd5 38. Rxd5 f6 39. Rd7 g4 40. Rd3 f5
41. Rd8+ Kf7 42. Rd7+ Re7 43. Rd6 g3 44. Rd1 Kg6 45. b5 f4
0-1

[Event "Slav 2"]
[Site "SchemingMind.com"]
[Date "2019.05.24"]
[Round "-"]
[White "Mihir Chandrashekhar"]
[Black "Kenny Elliott"]
[Result "1-0"]
[WhiteCountry "IND"]
[BlackCountry "USA"]
[WhiteElo "1854"]
[WhiteRD "54"]
[BlackElo "1569"]
[BlackRD "71"]
[GameID "441588"]

1. d4 d5 2. c4 c6 3. Nc3 Nf6 4. Nf3 e6 5. Bf4 Bd6 6. Qd2 Bb4 7. a3 Ne4 8. Qc2 Bxc3+ 9. bxc3 Qa5 10. Bd2 Nxd2
11. Nxd2 c5 12. e3 O-O 13. Bd3 cxd4 14. cxd4 Bd7 15. Bxh7+ Kh8 16. Bd3 Ba4 17. Qb2 Nd7 18. O-O Rab8 19. cxd5 Qxd5 20. e4 Qg5
21. f4 Qg4 22. Rf3 Bc6 23. d5 exd5 24. Rg3 Qxg3 25. hxg3 Nf6 26. e5 Ng4 27. Nf1 a6 28. Qe2 Nh6 29. g4 g6 30. g5 Ng8
31. Qg4 b5 32. f5 Bd7 33. Qh4+ Kg7 34. f6+ Nxf6 35. exf6+ Kg8 36. Qh6 Bf5 37. Qg7#
1-0

[Event "Slav 2"]
[Site "SchemingMind.com"]
[Date "2019.05.30"]
[Round "-"]
[White "Kenny Elliott"]
[Black "The Stonewall"]
[Result "0-1"]
[WhiteCountry "USA"]
[BlackCountry "ENG"]
[WhiteElo "1594"]
[WhiteRD "73"]
[BlackElo "2407"]
[BlackRD "74"]
[GameID "441641"]

1. d4 d5 2. c4 c6 3. Nf3 e6 4. Nc3 dxc4 5. e3 b5 6. a3 Nf6 7. g3 Nbd7 8. Bg2 Bb7 9. O-O Be7 10. e4 O-O
11. e5 Nd5 12. Qc2 N7b6 13. Nd2 a5 14. Bxd5 Nxd5 15. Nde4 Nxc3 16. bxc3 Qd5 17. Ng5 Bxg5 18. Bxg5 c5 19. f3 f6 20. Bf4 cxd4
21. Rad1 fxe5 22. Rxd4 exd4 23. cxd4 g5 24. Be5 Rxf3 25. Rxf3 Qxf3 26. Qg2 Qxg2#
0-1

[Event "Slav 2"]
[Site "SchemingMind.com"]
[Date "2019.05.30"]
[Round "-"]
[White "The Stonewall"]
[Black "Kenny Elliott"]
[Result "1-0"]
[WhiteCountry "ENG"]
[BlackCountry "USA"]
[WhiteElo "2351"]
[WhiteRD "78"]
[BlackElo "1569"]
[BlackRD "71"]
[GameID "441642"]

1. d4 d5 2. c4 c6 3. Nf3 Nf6 4. e3 Bg4 5. Qb3 Qc7 6. Ne5 Bf5 7. cxd5 Bxb1 8. Rxb1 Nxd5 9. e4 Nf6 10. Qxf7+ Kd8
11. Qe6 Nxe4 12. Nf7+ Ke8 13. Nxh8 Qa5+ 14. b4 Ng5 15. Bxg5 Qxg5 16. Qc8#
1-0

[Event "Slav 2"]
[Site "SchemingMind.com"]
[Date "2019.05.30"]
[Round "-"]
[White "The Stonewall"]
[Black "flyinduck"]
[Result "1-0"]
[WhiteCountry "ENG"]
[BlackCountry "CAN"]
[WhiteElo "2407"]
[WhiteRD "74"]
[BlackElo "2075"]
[BlackRD "61"]
[GameID "441643"]

1. d4 d5 2. c4 c6 3. Nf3 Nf6 4. e3 a6 5. Bd3 Bg4 6. Nbd2 e6 7. O-O Bd6 8. Qc2 O-O 9. b3 Nbd7 10. Bb2 Qc7
11. h3 Bh5 12. Rfe1 c5 13. cxd5 exd5 14. Rac1 b6 15. dxc5 bxc5 16. e4 Bxf3 17. Nxf3 dxe4 18. Bxe4 Nxe4 19. Rxe4 Rfe8 20. Ng5 Nf8
21. Qc3 f6 22. Qc4+
1-0

[Event "Slav 2"]
[Site "SchemingMind.com"]
[Date "2019.05.30"]
[Round "-"]
[White "flyinduck"]
[Black "The Stonewall"]
[Result "0-1"]
[WhiteCountry "CAN"]
[BlackCountry "ENG"]
[WhiteElo "2036"]
[WhiteRD "68"]
[BlackElo "2389"]
[BlackRD "77"]
[GameID "441644"]

1. d4 d5 2. c4 c6 3. Nc3 e6 4. Nf3 dxc4 5. a4 Bb4 6. e4 b5 7. Be2 Bb7 8. O-O a6 9. Bg5 Ne7 10. Qc2 h6
11. Be3 Nd7 12. b3 cxb3 13. Qxb3 Ba5 14. d5 cxd5 15. exd5 Nxd5 16. Nxd5 Bxd5 17. Qb2 O-O 18. axb5 axb5 19. Qxb5 Nf6 20. Nd4 Bc7
21. Bf3 Bxf3 22. Nxf3 Qd5 23. Qxd5 exd5 24. h3 Bd6 25. g3 Ne4 26. Kg2 Rfb8 27. Rxa8 Rxa8 28. Rd1 Ra2 29. Nd2 Nxd2 30. Bxd2 d4
31. Bc3 dxc3 32. Rxd6 c2 33. Rd8+ Kh7 34. Rc8 g5 35. Kf3 Kg6 36. Ke3 f6 37. f3 h5 38. g4 h4 39. Rc7 c1=Q+ 40. Rxc1 Rh2
41. Rg1 Rxh3 42. Kf2 Rh2+ 43. Ke3 Ra2 44. Rb1 Rg2 45. Ra1 Rb2 46. Rh1 f5 47. gxf5+ Kxf5 48. Rh3 Rb3+ 49. Kf2 Kf4 50. Kg2 Rb2+
51. Kg1 Ke3
0-1

[Event "Slav 2"]
[Site "SchemingMind.com"]
[Date "2019.05.30"]
[Round "-"]
[White "The Stonewall"]
[Black "David Connolly"]
[Result "1-0"]
[WhiteCountry "ENG"]
[BlackCountry "WLS"]
[WhiteElo "2392"]
[WhiteRD "76"]
[BlackElo "2090"]
[BlackRD "75"]
[GameID "441645"]

1. d4 d5 2. c4 c6 3. Nf3 Nf6 4. e3 e6 5. b3 c5 6. Bb2 cxd4 7. exd4 g6 8. Be2 Bg7 9. O-O O-O 10. Nbd2 Nc6
11. Rc1 dxc4 12. bxc4 Qb6 13. Bc3 Rd8 14. Re1 Nh5 15. Ne4 Nxd4 16. Nxd4 Bxd4 17. c5 Bxc5 18. Qc2 Bd4 19. Bxh5 f5 20. Nf6+ Kg7
21. Bxd4 Qxd4 22. Qc7+ Kxf6 23. Red1
1-0

[Event "Slav 2"]
[Site "SchemingMind.com"]
[Date "2019.05.27"]
[Round "-"]
[White "David Connolly"]
[Black "The Stonewall"]
[Result "1/2-1/2"]
[WhiteCountry "WLS"]
[BlackCountry "ENG"]
[WhiteElo "2090"]
[WhiteRD "75"]
[BlackElo "2392"]
[BlackRD "76"]
[GameID "441646"]

1. d4 d5 2. c4 c6 3. cxd5 cxd5 4. Bf4 Nc6 5. e3 Bf5 6. Qb3 Qd7 7. Nc3 e6 8. Nf3 f6 9. Rc1 h5 10. h4 Rc8
11. Be2 Nh6 12. O-O Kf7 13. Rfd1 Be7 14. Na4 Na5 15. Qb5 Nc6 16. Nc5 Bxc5 17. Rxc5 Bg4 18. Rd3 Nf5 19. Rb3 b6 20. Rc2 Bxf3
21. Bxf3 Nxh4 22. Rbc3 Nxf3+ 23. gxf3 e5 24. Rxc6 Rxc6 25. Rxc6 exf4 26. Rxf6+ Ke8 27. Qxd7+ Kxd7 28. Rf7+ Kd6 29. Rxg7 Re8 30. Rg6+ Kd7
31. Rg5 fxe3 32. fxe3 Rxe3 33. Rxd5+ Kc6 34. Rxh5 Rxf3 35. b4 Rd3 36. b5+ Kd6 37. Kf1 Rxd4 38. Ke2 Ra4 39. Kd3=
1/2-1/2

[Event "Slav 2"]
[Site "SchemingMind.com"]
[Date "2019.05.30"]
[Round "-"]
[White "The Stonewall"]
[Black "Mihir Chandrashekhar"]
[Result "1-0"]
[WhiteCountry "ENG"]
[BlackCountry "IND"]
[WhiteElo "2392"]
[WhiteRD "76"]
[BlackElo "1959"]
[BlackRD "52"]
[GameID "441649"]

1. d4 d5 2. c4 c6 3. Nf3 e6 4. e3 Nf6 5. b3 Ne4 6. Bd3 Nd7 7. O-O Be7 8. Qc2 f5 9. Ba3 Ndf6 10. Bxe7 Qxe7
11. Nc3 O-O 12. Rac1 g5 13. Ne5 Nd7 14. Nxd7 Bxd7 15. f3 Nxc3 16. Qxc3 a5 17. c5 Rfb8 18. e4 b5 19. Rce1 Qf6 20. exf5 exf5
21. Re5 b4 22. Qd2 Re8 23. f4 g4 24. Rfe1 h5 25. R1e2 Kg7 26. Qe1 Rf8 27. h4 Rf7 28. Kh2 Raf8 29. g3 Qd8 30. Kg2 Rf6
31. a3 Qb8 32. axb4 Qxb4 33. Qxb4 axb4 34. Ra2
1-0

[Event "Slav 2"]
[Site "SchemingMind.com"]
[Date "2019.05.30"]
[Round "-"]
[White "Mihir Chandrashekhar"]
[Black "The Stonewall"]
[Result "0-1"]
[WhiteCountry "IND"]
[BlackCountry "ENG"]
[WhiteElo "1959"]
[WhiteRD "52"]
[BlackElo "2392"]
[BlackRD "76"]
[GameID "441650"]

1. d4 d5 2. c4 c6 3. Nc3 e6 4. Nf3 dxc4 5. a4 Bb4 6. e3 b5 7. Bd2 a5 8. axb5 Bxc3 9. Bxc3 cxb5 10. b3 Bb7
11. bxc4 b4 12. Bb2 Nf6 13. Bd3 Nbd7 14. O-O O-O 15. Nd2 Qc7 16. Bc2 Rfc8 17. c5 Rd8 18. Re1 Ra7 19. Ba4 Ne4 20. Nxe4 Bxe4
21. f3 Bc6 22. Bxc6 Qxc6 23. Qa4 Nb8 24. Kf2 f6 25. Red1 f5 26. Qxc6 Nxc6 27. e4 fxe4 28. fxe4 a4 29. d5 exd5
0-1

[Event "Slav 2"]
[Site "SchemingMind.com"]
[Date "2019.05.29"]
[Round "-"]
[White "NeOCrypt"]
[Black "The Stonewall"]
[Result "0-1"]
[WhiteCountry "ENG"]
[BlackCountry "ENG"]
[WhiteElo "1885"]
[WhiteRD "86"]
[BlackElo "2407"]
[BlackRD "74"]
[GameID "441831"]

1. d4 d5 2. c4 c6 3. Nf3 Nf6 4. Nc3 e6 5. Bg5 dxc4 6. e4 b5 7. e5 h6 8. Bh4 g5 9. Nxg5 hxg5 10. Bxg5 Nbd7
0-1